000 00606nam a2200217Ia 4500
005 20241129105911.0
008 241129s9999||||xx |||||||||||||| ||und||
020 _a978-93-5572-567-7
037 _aTB
040 _aARTS
_beng
_cARTS
041 _aeng
_2eng
084 _aV2:72.C7 R3
_qARTS
100 _aTieken Herman Au.
_9609103
245 0 _aAsoka inscriptions: analysing a corpus
_cTieken Herman Au.
260 _aDelhi, India
_bPrimus Books
_c2022
300 _axvi,488p.
365 _aINR
_b1595
650 _aHistory-India
942 _cTB
_hV2:72.C7 R3
999 _c1226500
_d1226500